Sports Quiz

Random Sports or Basketball Quiz

Oklahoma City Thunder All-Time Leaders Quiz Stats

 Plays Quiz Updated May 17, 2018

Challenge
Share
Tweet
Embed
Score 0/50 Timer 08:00
2 Plays Today
Player % Correct
PointsKevin Durant
98.7%
BlocksKevin Durant
98.7%
StealsRussell Westbrook
98.2%
AssistsRussell Westbrook
97.1%
ReboundsRussell Westbrook
85.4%
ReboundsKevin Durant
82.7%
PointsGary Payton
79.7%
AssistsGary Payton
79.7%
StealsGary Payton
79.7%
AssistsKevin Durant
76.3%
StealsKevin Durant
76.3%
PointsRussell Westbrook
76%
PointsShawn Kemp
74.5%
ReboundsShawn Kemp
74.5%
StealsShawn Kemp
74.5%
BlocksShawn Kemp
74.5%
BlocksSerge Ibaka
70.7%
ReboundsSerge Ibaka
60.3%
ReboundsGary Payton
56.3%
StealsRashard Lewis
52.3%
ReboundsNick Collison
45.6%
ReboundsSpencer Haywood
41.8%
PointsJack Sikma
36.9%
AssistsSlick Watts
36.7%
BlocksNick Collison
35.9%
Player % Correct
PointsRashard Lewis
35%
BlocksRashard Lewis
35%
StealsJack Sikma
33.7%
ReboundsRashard Lewis
33.6%
ReboundsJack Sikma
29.6%
BlocksJack Sikma
29.6%
PointsGus Williams
23.8%
StealsGus Williams
23.8%
BlocksSteven Adams
23.8%
AssistsGus Williams
23.6%
AssistsJack Sikma
21.9%
AssistsNate McMillan
19.4%
StealsNate McMillan
19.4%
PointsDale Ellis
18.1%
PointsFred Brown
16.9%
AssistsFred Brown
16.9%
StealsFred Brown
16.9%
PointsXavier McDaniel
14.9%
AssistsLenny Wilkens
12.8%
AssistsLuke Ridnour
11.3%
ReboundsMichael Cage
8.3%
StealsSlick Watts
6.7%
BlocksDerrick McKey
6%
BlocksAlton Lister
5%
BlocksTom Burleson
2.5%

You're not logged in!

Compare scores with friends on all Sporcle quizzes.
OR
Log In

You Might Also Like...

Show Comments

Extras

Top Quizzes Today


Score Distribution

Your Account Isn't Verified!

In order to create a playlist on Sporcle, you need to verify the email address you used during registration. Go to your Sporcle Settings to finish the process.

Report this User

Report this user for behavior that violates our Community Guidelines.

Details: